[Event "36th Olympiad w"]
[Site "Calvia ESP"]
[Date "2004.10.27"]
[Round "12"]
[White "Gaponenko,I"]
[Black "Prudnikova,S"]
[Result "1/2-1/2"]
[WhiteElo "2445"]
[BlackElo "2402"]
[EventDate "2004.10.15"]

1. e4 e5 2. Nf3 Nf6 3. Nxe5 d6 4. Nf3 Nxe4 5. Nc3 Nxc3 6. dxc3 Be7 7. Bf4
Nd7 8. Qd2 O-O 9. O-O-O Nc5 10. h3 Bd7 11. Nd4 Ne6 12. Be3 Nxd4 13. cxd4 d5
14. g4 f5 15. Qd3 f4 16. Bd2 c6 17. Qb3 Bh4 18. Bb4 Rf7 19. Qf3 Qc7 20. Re1
a5 21. Ba3 Re8 22. Rxe8+ Bxe8 23. Bd3 b5 24. Re1 Bd7 25. Bc5 g6 26. b3 Bc8
27. c4 bxc4 28. bxc4 Ba6 29. Re8+ Kg7 30. cxd5 Bxd3 31. Qxd3 cxd5 32. f3
Be7 33. Qb5 Bxc5 34. dxc5 d4 1/2-1/2

[Event "36th Olympiad w"]
[Site "Calvia ESP"]
[Date "2004.10.27"]
[Round "12"]
[White "Benderac,A"]
[Black "Lahno,Kateri"]
[Result "1/2-1/2"]
[WhiteElo "2299"]
[BlackElo "2435"]
[EventDate "2004.10.15"]

1. d4 Nf6 2. Nf3 g6 3. e3 Bg7 4. Be2 O-O 5. O-O c5 6. c3 b6 7. b4 d6 8.
Nbd2 Bb7 9. Qb3 Nbd7 10. bxc5 dxc5 11. Bb2 Qc7 12. Rac1 Rad8 13. Rfd1 Qb8
14. c4 e6 15. a4 Bc6 16. Qa3 Rfe8 17. Qa1 cxd4 18. exd4 Qa8 19. Bf1 Ne4 20.
Nxe4 Bxe4 21. Ng5 Bb7 22. Rc2 h6 23. Nh3 Qb8 24. f3 h5 25. Bd3 Qc7 26. Nf2
e5 27. d5 Nc5 28. Re2 Nxd3 29. Nxd3 Qxc4 30. Bxe5 Bxe5 31. Rxe5 Rxe5 32.
Nxe5 Qc5+ 33. Kh1 Rxd5 34. Rxd5 Qxd5 35. h3 Bc8 36. Kh2 Bf5 37. g4 hxg4 38.
hxg4 Be6 39. Kg3 Qc5 40. Qe1 Bb3 41. Qe4 Qd5 42. Qf4 Qd6 43. g5 Kg7 44. Kg2
a5 45. Qe3 Qc5 46. Qxb3 Qxe5 47. Qxb6 Qxg5+ 48. Kh3 Qf5+ 49. Kg3 Qe5+ 50.
Kg2 Qe2+ 51. Kg3 Qe1+ 52. Kg2 Qd2+ 53. Kg3 g5 54. Qb5 Kg6 55. Qc6+ Kf5 56.
Qc8+ Kf6 57. Qc6+ Ke7 58. Qc7+ Ke6 59. Qc8+ Qd7 60. Qc4+ Ke7 61. Qe4+ Qe6
62. Qc2 Qe5+ 63. Kg2 f5 64. Qc6 Qb2+ 65. Kg3 Qe5+ 66. Kg2 Qe2+ 67. Kg1 Qd1+
68. Kg2 Qd2+ 69. Kg1 Kf7 70. Kf1 Qd1+ 71. Kg2 Qe2+ 72. Kg1 Qe5 73. Kg2 f4
74. Qd7+ Kg6 75. Qc6+ Kf7 76. Qd7+ Kg6 77. Qc6+ Kh5 78. Qc2 Kh6 79. Qc6+
Kh5 80. Qc2 Qe7 81. Qc4 Kh4 82. Qf1 Kh5 83. Qc4 Kh4 84. Qf1 g4 85. fxg4
Qe4+ 86. Qf3 Qxf3+ 87. Kxf3 Kg5 88. Kf2 Kxg4 89. Kg2 Kf5 90. Kf3 Ke5 91.
Kf2 Ke4 92. Ke2 Kd4 93. Kf3 Kc3 94. Kxf4 Kb3 95. Ke3 Kxa4 96. Kd2 Kb3 97.
Kc1 Ka2 98. Kc2 a4 99. Kc1 a3 100. Kc2 Ka1 101. Kc1 Ka2 102. Kc2 1/2-1/2

[Event "36th Olympiad w"]
[Site "Calvia ESP"]
[Date "2004.10.27"]
[Round "12"]
[White "Danielian,E"]
[Black "Repkova,E"]
[Result "0-1"]
[WhiteElo "2437"]
[BlackElo "2410"]
[EventDate "2004.10.15"]

1. d4 d5 2. Nf3 e6 3. g3 Nf6 4. Bg2 Be7 5. O-O O-O 6. c4 dxc4 7. Qc2 a6 8.
a4 Nc6 9. Qxc4 Qd5 10. Qxd5 exd5 11. Bf4 Na5 12. Nbd2 c6 13. Ne5 Bf5 14. h3
h5 15. Nd3 Bxd3 16. exd3 Bb4 17. Rae1 Rfe8 18. Bf3 Rxe1 19. Rxe1 Nb3 20.
Nxb3 Bxe1 21. Bd6 a5 22. Bc7 Bb4 23. Nc5 Re8 24. Kg2 Re1 25. Bd8 Rb1 26.
Nxb7 Rxb2 27. Bxa5 Kf8 28. Bd1 Nd7 29. Bxh5 Bxa5 30. Nxa5 Nb8 31. Bd1 Rd2
32. Bf3 Rxd3 33. Nb7 Rxd4 34. a5 Ra4 35. h4 Ke7 36. g4 Rb4 37. Nc5 Kd6 38.
a6 Nxa6 39. Nxa6 Rb6 40. Be2 c5 41. Nxc5 Kxc5 42. g5 Kd4 43. Kg3 Kc3 44. f4
d4 45. h5 d3 46. Bg4 d2 47. f5 Rb1 48. Kf4 Rb4+ 0-1

[Event "36th Olympiad w"]
[Site "Calvia ESP"]
[Date "2004.10.27"]
[Round "12"]
[White "Hagarova,Z"]
[Black "Mkrtchian,L"]
[Result "1/2-1/2"]
[WhiteElo "2351"]
[BlackElo "2374"]
[EventDate "2004.10.15"]

1. e4 e6 2. d4 d5 3. Nd2 Nf6 4. e5 Nfd7 5. Bd3 c5 6. c3 Nc6 7. Ngf3 Be7 8.
O-O a5 9. Re1 cxd4 10. cxd4 Qb6 11. Nb1 Nxd4 12. Nxd4 Qxd4 13. Nc3 Qb6 14.
Be3 Qd8 15. Na4 O-O 16. Qc2 g6 17. Bh6 b6 18. Bb5 Nc5 19. a3 Bd7 20. Bxd7
Nxd7 21. Bxf8 Bxf8 22. Nc3 Rc8 23. Qe2 Rc4 24. g3 Qa8 25. Rad1 Qc6 26. h4
h5 27. Kh2 b5 28. Rc1 Bg7 29. f4 Nc5 30. Qd1 d4 31. Ne2 d3 32. b3 dxe2 33.
Qd8+ Kh7 34. bxc4 Qf3 35. Qd4 Ne4 36. Qg1 Nf2 37. Qg2 Qe3 38. Rc2 Ng4+ 39.
Kh1 Nf2+ 40. Kh2 Ng4+ 41. Kh1 Nf2+ 1/2-1/2

[Event "36th Olympiad w"]
[Site "Calvia ESP"]
[Date "2004.10.27"]
[Round "12"]
[White "Aginian,N"]
[Black "Borosova,Z"]
[Result "0-1"]
[WhiteElo "2310"]
[BlackElo "2249"]
[EventDate "2004.10.15"]

1. e4 e5 2. Nf3 Nc6 3. Bb5 a6 4. Ba4 Nf6 5. Qe2 b5 6. Bb3 Be7 7. c3 d6 8.
O-O O-O 9. Rd1 Na5 10. Bc2 c5 11. d4 Qc7 12. d5 Ne8 13. b3 g6 14. Bh6 Ng7
15. Nbd2 Nb7 16. Nf1 Nd8 17. Ng3 f6 18. Nd2 Nf7 19. Be3 Bd7 20. a4 Rfb8 21.
Bd3 Qb7 22. Ra2 Re8 23. f3 f5 24. Bf2 Bg5 25. Rda1 Bxd2 26. Qxd2 f4 27. Nf1
g5 28. Qe2 Rab8 29. axb5 axb5 30. Ra7 Qc8 31. R1a5 b4 32. cxb4 Rxb4 33. Bb5
Bxb5 34. Rxb5 Rxb5 35. Qxb5 Kf8 36. Nd2 Re7 37. Ra6 Rb7 38. Qa5 Ne8 39. h3
h5 40. Qa4 Qd7 41. Nc4 Qxa4 42. bxa4 Rb1+ 43. Kh2 Rf1 44. Nxd6 Rxf2 45. Nf5
Rd2 46. Re6 c4 47. a5 Ra2 48. d6 Nfxd6 49. Nxd6 Nxd6 50. Rxd6 Rxa5 51. Rc6
Ra4 52. Rc5 Ke7 53. Rxe5+ Kd6 54. Rxg5 c3 55. Rd5+ Kc6 56. Rd8 Rc4 57. Rd1
c2 58. Rc1 h4 59. Kg1 Kc5 60. Kf2 Kd4 61. Ke2 Kc3 62. Re1 Rd4 63. Rc1 Kb2
64. Re1 c1=Q 65. Rxc1 Kxc1 66. e5 Rd5 0-1

[Event "36th Olympiad w"]
[Site "Calvia ESP"]
[Date "2004.10.27"]
[Round "12"]
[White "Cramling,P"]
[Black "Sikorova,O"]
[Result "1-0"]
[WhiteElo "2477"]
[BlackElo "2252"]
[EventDate "2004.10.15"]

1. d4 Nf6 2. Nf3 e6 3. c4 d5 4. Nc3 Bb4 5. Bg5 Nbd7 6. cxd5 exd5 7. e3 c5
8. Qc2 c4 9. Be2 Qa5 10. Nd2 O-O 11. O-O Re8 12. a3 Bxc3 13. bxc3 Re6 14.
a4 Nb6 15. Rfb1 Bd7 16. Rb4 Rae8 17. Bd1 Bc6 18. Qb2 Nbd7 19. Bf4 Nb8 20.
Qa3 g6 21. h3 Nbd7 22. Bc2 Nh5 23. Bh2 f5 24. Nf3 Nhf6 25. Ng5 R6e7 26. Bd6
Rg7 27. Nf3 Ne4 28. Bh2 Rf7 29. Ne5 Nxe5 30. Bxe5 Rd7 31. Rd1 Rf7 32. Qb2
Rd7 33. f3 Ng5 34. Re1 Nf7 35. Bg3 Nd6 36. Qc1 Qd8 37. Qa1 a5 38. Rbb1 Nf7
39. Kh2 Qc8 40. Re2 Rde7 41. Rbe1 Qd7 42. Qa3 g5 43. Bd1 Re6 44. Qa2 h5 45.
h4 gxh4 46. Bf4 Rg6 47. Rb2 Ng5 48. Qb1 Rf8 49. Qc2 Qe7 50. Ra2 Ne6 51. Be5
h3 52. gxh3 Qh4 53. Qf2 Qxf2+ 54. Rxf2 f4 55. Bc2 Rh6 56. Rg2+ Kf7 57. exf4
Rg8 58. Rxg8 Kxg8 59. Rg1+ Kf7 60. f5 Nd8 61. Rg7+ Kf8 62. Rc7 Ke8 63. f6
h4 64. Bf5 1-0

[Event "36th Olympiad w"]
[Site "Calvia ESP"]
[Date "2004.10.27"]
[Round "12"]
[White "Cedikova,K"]
[Black "Agrest,S"]
[Result "1-0"]
[WhiteElo "2263"]
[BlackElo "2238"]
[EventDate "2004.10.15"]

1. d4 d6 2. g3 f5 3. Nf3 Nf6 4. Bg2 g6 5. O-O Bg7 6. c4 O-O 7. Nc3 Nc6 8.
d5 Na5 9. Qa4 b6 10. Nd2 Bd7 11. Qc2 c5 12. b3 a6 13. a4 Rb8 14. Bb2 Qc7
15. Rfe1 Nb7 16. f4 Nd8 17. e4 e5 18. dxe6 Nxe6 19. e5 dxe5 20. fxe5 Nh5
21. Nd5 Qd8 22. Nf3 Qe8 23. Rad1 Qf7 24. Nf6+ Bxf6 25. exf6 Rbd8 26. Ne5
Qe8 27. Nxd7 Rxd7 28. Rxd7 Qxd7 29. Rxe6 1-0

[Event "36th Olympiad w"]
[Site "Calvia ESP"]
[Date "2004.10.27"]
[Round "12"]
[White "Johansson,V"]
[Black "Blazkova,P"]
[Result "1-0"]
[WhiteElo "2189"]
[BlackElo "2214"]
[EventDate "2004.10.15"]

1. d4 Nf6 2. c4 e6 3. Nc3 Bb4 4. e3 O-O 5. Bd3 c5 6. Nf3 d5 7. O-O Nc6 8.
a3 Bxc3 9. bxc3 dxc4 10. Bxc4 Qc7 11. Bb2 e5 12. h3 e4 13. Nd2 Bf5 14. Ba2
Rad8 15. a4 Qd7 16. Qe2 Rfe8 17. Nc4 Nd5 18. dxc5 b6 19. Nd6 bxc5 20. Nxe8
Qxe8 21. Rfd1 Be6 22. Bxd5 Bxd5 23. c4 Be6 24. Qh5 Rb8 25. Bc3 Qe7 26. Rab1
Rxb1 27. Rxb1 f6 28. Rb7 Bf7 29. Rxe7 Bxh5 30. Rc7 Be8 31. f3 exf3 32. gxf3
h5 33. Kg2 a6 34. f4 Kf8 35. Kf3 Ne7 36. Rxc5 Bxa4 37. Ke2 h4 38. Bb4 Ke8
39. Rc7 Bd7 40. Bxe7 Kxe7 41. c5 Kd8 42. Ra7 g5 43. fxg5 fxg5 44. Kf2 Bxh3
45. Rxa6 Bf5 46. Rf6 Bc8 47. Rh6 Ke7 48. Rg6 g4 49. Rh6 g3+ 50. Kg2 Bb7+
51. Kg1 Bd5 52. Rxh4 Kd7 53. Rh6 Be4 54. Rd6+ Kc7 55. Re6 Bd5 56. Rg6 g2
57. Rxg2 Bxg2 58. Kxg2 Kc6 59. Kf3 Kxc5 60. Ke4 Kd6 61. Kf5 Ke7 62. Ke5 Kf7
63. Kd6 Kf6 64. e4 Kf7 65. e5 1-0

[Event "36th Olympiad w"]
[Site "Calvia ESP"]
[Date "2004.10.27"]
[Round "12"]
[White "Ciuksyte,D"]
[Black "Pourkashiyan,A"]
[Result "1-0"]
[WhiteElo "2361"]
[BlackElo "2217"]
[EventDate "2004.10.15"]

1. e4 e5 2. Nf3 Nf6 3. d4 Nxe4 4. Bd3 d5 5. Nxe5 Nd7 6. Nxd7 Bxd7 7. O-O
Qh4 8. c4 O-O-O 9. c5 g5 10. Nc3 Bg7 11. g3 Qh3 12. Nxe4 dxe4 13. Bxe4 Bb5
14. Bg2 Qf5 15. Be3 c6 16. Re1 h5 17. Rc1 h4 18. g4 Qg6 19. Rc3 h3 20. Bf3
Rhe8 21. a4 Ba6 22. b4 Bxd4 23. Bxd4 Rxe1+ 24. Qxe1 Rxd4 25. b5 cxb5 26. c6
b6 27. axb5 f5 28. bxa6 fxg4 29. Bh1 g3 30. hxg3 h2+ 31. Kf1 Qf5 32. Qe8+
Rd8 33. Qxd8+ Kxd8 34. c7+ Ke7 35. c8=Q Qb1+ 36. Rc1 Qd3+ 37. Ke1 1-0

[Event "36th Olympiad w"]
[Site "Calvia ESP"]
[Date "2004.10.27"]
[Round "12"]
[White "Navabi,S"]
[Black "Ivoskaite,D"]
[Result "0-1"]
[WhiteElo "2107"]
[BlackElo "2043"]
[EventDate "2004.10.15"]

1. c4 Nf6 2. Nf3 c5 3. d4 cxd4 4. Nxd4 g6 5. Nc3 Bg7 6. e4 d6 7. Be2 O-O 8.
Be3 a6 9. O-O Qc7 10. Nd5 Nxd5 11. cxd5 Nd7 12. Qd2 Re8 13. Rac1 Qd8 14. f3
Ne5 15. h3 Nd7 16. b4 Nf8 17. Rfd1 Bd7 18. Bf1 Ba4 19. Re1 Qd7 20. Bc4 Rac8
21. Ne2 Rc7 22. Bb6 Rxc4 23. Rxc4 Qb5 24. Rcc1 Qxb6+ 25. Kh1 Nd7 26. a3 Bb5
27. Nc3 Ne5 28. a4 Bd7 29. f4 Nc4 30. Qe2 Qc7 31. Nd1 b5 32. Ne3 Rc8 33.
Rc2 Bd4 34. Nxc4 bxc4 35. Rec1 c3 36. Qxa6 Qc4 37. Qxc4 Rxc4 38. b5 Rxa4
39. Rb1 Bc8 40. g3 Bb7 41. Re2 e6 42. dxe6 fxe6 43. Kh2 Rc4 44. h4 Bb6 45.
e5 d5 46. Rc2 d4 47. Rb3 Be4 48. Rc1 c2 0-1

[Event "36th Olympiad w"]
[Site "Calvia ESP"]
[Date "2004.10.27"]
[Round "12"]
[White "Foisor,C"]
[Black "Arribas,M"]
[Result "1-0"]
[WhiteElo "2436"]
[BlackElo "2325"]
[EventDate "2004.10.15"]

1. d4 d5 2. Nf3 Nf6 3. g3 e6 4. Bg2 Be7 5. O-O O-O 6. c4 dxc4 7. Qc2 c5 8.
dxc5 Bxc5 9. Qxc4 Qe7 10. a3 b6 11. Nc3 Bb7 12. Qh4 Nbd7 13. b4 Bd6 14. Nb5
Ne5 15. Nxd6 Nxf3+ 16. exf3 Qxd6 17. Bb2 Nd5 18. f4 Rac8 19. Rfe1 Rfe8 20.
Rad1 Qc7 21. f5 Nc3 22. f6 gxf6 23. Bxc3 1-0

[Event "36th Olympiad w"]
[Site "Calvia ESP"]
[Date "2004.10.27"]
[Round "12"]
[White "Marrero,Y"]
[Black "Peptan,C"]
[Result "1-0"]
[WhiteElo "2272"]
[BlackElo "2429"]
[EventDate "2004.10.15"]

1. e4 c5 2. Nf3 d6 3. Bc4 Nc6 4. O-O e6 5. d3 Be7 6. c3 Nf6 7. Bb3 O-O 8.
Re1 e5 9. Nbd2 h6 10. Nf1 Re8 11. Ne3 Bf8 12. Nd5 Be6 13. Nxf6+ Qxf6 14.
Bxe6 Rxe6 15. a3 Rd8 16. c4 Rd7 17. Bd2 Qd8 18. b4 g6 19. Qa4 a6 20. Rab1
Re8 21. b5 axb5 22. Rxb5 Qa8 23. Qb3 Qa7 24. Rb1 Ra8 25. Bc1 Nd8 26. Ne1
Be7 27. Bxh6 Qxa3 28. Qxa3 Rxa3 29. Kf1 g5 30. h4 gxh4 31. Ke2 Ra2+ 32. Kf3
Rc7 33. Be3 Rc8 34. Kg4 Ra3 35. R5b3 Rca8 36. Nf3 Rxb3 37. Rxb3 Kg7 38.
Nxh4 Bxh4 39. Kxh4 Ra1 40. Kg4 Kg6 41. Rb6 Ra6 42. Bxc5 Rxb6 43. Bxb6 Ne6
44. g3 Ng7 45. f4 f5+ 46. Kf3 Kf6 47. g4 fxg4+ 48. Kxg4 Ne6 49. f5 Nf4 50.
d4 Nd3 51. d5 Nb2 52. c5 Na4 53. Bd8+ Kf7 54. cxd6 Nc5 55. Kf3 Nd7 56. Ke3
Kg7 57. Bg5 Kf7 58. Kd3 Kg7 59. Kc4 Kf7 60. Kb5 Kg7 61. Bh4 Kf7 62. Bg3 Ke8
63. Kc4 Kf7 64. Kd3 Kf6 65. Ke3 Kf7 66. Kf3 Kf6 67. Kg4 Nc5 68. Bf2 Nd7 69.
Kh5 Kf7 70. Kh6 Nf6 71. Bh4 Nd7 72. Bd8 Nc5 73. Bc7 Nd7 74. Kg5 Nf6 75. d7
Nxd7 76. f6 b5 77. Bd6 Nxf6 78. Kf5 Nd7 79. Bxe5 b4 80. Bd4 b3 81. e5 Nf8
82. e6+ Ke7 83. Bf6+ Ke8 84. d6 Nd7 85. Bd4 Nb8 86. Kf6 Kf8 87. d7 Nc6 88.
e7+ 1-0

[Event "36th Olympiad w"]
[Site "Calvia ESP"]
[Date "2004.10.27"]
[Round "12"]
[White "Motoc,A"]
[Black "Ramon,V"]
[Result "1/2-1/2"]
[WhiteElo "2359"]
[BlackElo "2251"]
[EventDate "2004.10.15"]

1. d4 Nf6 2. c4 g6 3. Nc3 d5 4. cxd5 Nxd5 5. Na4 e5 6. dxe5 Nc6 7. Nf3 Ndb4
8. a3 Qxd1+ 9. Kxd1 Nd5 10. e4 Nb6 11. Bb5 Bd7 12. Nxb6 axb6 13. Bf4 Bg7
14. Rc1 h6 15. h4 O-O-O 16. Ke2 Rhe8 17. Rhd1 Nxe5 18. Bxd7+ Rxd7 19. Rxd7
Kxd7 20. Rd1+ Kc8 21. Nxe5 Bxe5 22. Bxe5 Rxe5 23. Ke3 Rc5 24. Rd2 b5 25. f4
h5 26. e5 Rc4 27. g3 b4 1/2-1/2

[Event "36th Olympiad w"]
[Site "Calvia ESP"]
[Date "2004.10.27"]
[Round "12"]
[White "Rogule,L"]
[Black "Khamrakulova,I"]
[Result "1-0"]
[WhiteElo "2295"]
[BlackElo "2217"]
[EventDate "2004.10.15"]

1. e4 c5 2. Nc3 Nc6 3. g3 g6 4. Bg2 Bg7 5. d3 e6 6. Be3 d6 7. Qd2 Rb8 8.
Nge2 Qb6 9. O-O Nd4 10. Rab1 Ne7 11. b4 Qc7 12. bxc5 dxc5 13. Bxd4 cxd4 14.
Nb5 Qc5 15. Qa5 O-O 16. Qxa7 Qxa7 17. Nxa7 Ra8 18. Nxc8 Rfxc8 19. Rb2 Rc7
20. f4 Rac8 21. Rc1 e5 22. Kf2 Nc6 23. Rcb1 Nd8 24. Bh3 Ra8 25. Ke1 Ra5 26.
Kd1 Rac5 27. fxe5 Bxe5 28. Rb5 Kf8 29. Rxc5 Rxc5 30. Rb4 Ra5 31. a4 Nc6 32.
Rc4 Ke7 33. Bc8 Ra7 34. Nf4 Kd6 35. Nd5 h6 36. Kd2 Bg7 37. Bh3 Ra6 38. c3
Ra5 39. cxd4 Nxd4 40. Nc7 Rh5 41. Ne8+ Ke7 42. Nxg7 Rxh3 43. Rxd4 Rxh2+ 44.
Kc3 Kf8 45. Rd7 Ra2 46. e5 Kxg7 47. e6 Kf8 48. Rxf7+ Ke8 49. d4 Rxa4 50. d5
Re4 51. Rxb7 g5 52. Kd3 Re1 53. Kd4 h5 54. Kc5 1-0

[Event "36th Olympiad w"]
[Site "Calvia ESP"]
[Date "2004.10.27"]
[Round "12"]
[White "Khegai,A"]
[Black "Berzina,I"]
[Result "0-1"]
[WhiteElo "2239"]
[BlackElo "2240"]
[EventDate "2004.10.15"]

1. d4 d5 2. c4 e6 3. g3 c6 4. Bg2 dxc4 5. Nf3 b5 6. O-O Bb7 7. Ne5 f6 8.
Nf3 Nd7 9. e4 Nb6 10. Nc3 Bb4 11. e5 f5 12. g4 Ne7 13. Ng5 Qd7 14. gxf5
Nxf5 15. Nce4 O-O-O 16. a3 Bf8 17. Be3 h6 18. Qh5 g6 19. Qh3 Nd5 20. Rfe1
hxg5 21. Qxh8 Bh6 22. Qxd8+ Qxd8 23. Nc5 Qe7 24. Bxd5 cxd5 25. a4 Nh4 26.
Rec1 b4 27. a5 Qf7 28. Kf1 Qf5 29. Ra4 Bf8 30. Rxb4 Bxc5 31. dxc5 c3 32.
Rxc3 Ba6+ 33. Ke1 Nf3+ 34. Kd1 d4 35. Bxd4 Qb1+ 36. Rc1 Qd3+ 0-1

[Event "36th Olympiad w"]
[Site "Calvia ESP"]
[Date "2004.10.27"]
[Round "12"]
[White "Susterman,A"]
[Black "Berntsen,S"]
[Result "1-0"]
[WhiteElo "2299"]
[BlackElo "2118"]
[EventDate "2004.10.15"]

1. e4 e5 2. Nf3 Nc6 3. Bb5 a6 4. Ba4 f5 5. d4 exd4 6. e5 Bc5 7. O-O Nge7 8.
c3 d5 9. exd6 Qxd6 10. cxd4 Ba7 11. d5 Qxd5 12. Qxd5 Nxd5 13. Re1+ Kf8 14.
Nc3 Nf6 15. Bf4 Ng4 16. Re2 Nxf2 17. Rxf2 Bxf2+ 18. Kxf2 b5 19. Bb3 Na5 20.
Bc2 Nc4 21. Bxc7 Ra7 22. Bf4 Nxb2 23. Bd6+ Kf7 24. Bb3+ Nc4 25. a4 Rd8 26.
Bf4 Kf8 27. axb5 Nb2 28. Be3 Re7 29. Bg5 Rd3 30. Bxe7+ Kxe7 31. Re1+ Kd8
32. Re3 axb5 33. Nxb5 Ba6 34. Nbd4 Rd1 35. Nxf5 Rb1 36. Kg3 g6 37. N5d4 Nc4
38. Bxc4 Bxc4 39. Nd2 Rc1 40. Ne6+ Bxe6 41. Rxe6 Kd7 42. Re4 Kd6 43. Nf3
Rc5 44. Re8 Rf5 45. Rh8 Rh5 46. h3 Ke6 47. Rxh7 1-0

[Event "36th Olympiad w"]
[Site "Calvia ESP"]
[Date "2004.10.27"]
[Round "12"]
[White "Ferkingstad,G"]
[Black "Partac,E"]
[Result "1-0"]
[WhiteElo "2035"]
[BlackElo "2259"]
[EventDate "2004.10.15"]

1. e4 c5 2. Nf3 Nc6 3. Bb5 g6 4. Bxc6 dxc6 5. d3 Bg7 6. O-O Nf6 7. Bd2 O-O
8. Bc3 Re8 9. Nbd2 Nd7 10. Bxg7 Kxg7 11. e5 Nf8 12. Ne4 b6 13. Qd2 Bg4 14.
Nfg5 f6 15. Qf4 Bf5 16. Nf3 Ne6 17. Qg3 Nd4 18. Nxd4 Qxd4 19. exf6+ exf6
20. Nd6 Re5 21. Nxf5+ Rxf5 22. Qc7+ Kh6 23. Rae1 Re5 24. Rxe5 fxe5 25. Re1
Qxb2 26. g4 Re8 27. Qf7 Rh8 28. Qf6 Re8 29. Re3 Qc1+ 30. Kg2 1-0

[Event "36th Olympiad w"]
[Site "Calvia ESP"]
[Date "2004.10.27"]
[Round "12"]
[White "Dembo,Y"]
[Black "Borsuk,A"]
[Result "1/2-1/2"]
[WhiteElo "2396"]
[BlackElo "2306"]
[EventDate "2004.10.15"]

1. e4 e6 2. d4 d5 3. Nd2 c5 4. Ngf3 cxd4 5. exd5 Qxd5 6. Bc4 Qd6 7. O-O Nf6
8. Nb3 Nc6 9. Nbxd4 Nxd4 10. Nxd4 Bd7 11. c3 Be7 12. Qe2 O-O 13. Bg5 Rac8
1/2-1/2

[Event "36th Olympiad w"]
[Site "Calvia ESP"]
[Date "2004.10.27"]
[Round "12"]
[White "Igla,B"]
[Black "Makropoulou,M"]
[Result "1/2-1/2"]
[WhiteElo "2196"]
[BlackElo "2270"]
[EventDate "2004.10.15"]

1. d4 g6 2. c4 Bg7 3. Nc3 c5 4. d5 Bxc3+ 5. bxc3 f5 6. g4 fxg4 7. e4 d6 8.
h3 Nf6 9. Qc2 Nbd7 10. hxg4 Nxg4 11. f3 Nge5 12. Bh6 Rg8 13. Bd2 Nf6 14. f4
Nf7 15. O-O-O Qa5 16. Re1 h5 17. Bd3 Ng4 18. e5 Bf5 19. Bxf5 gxf5 20. Rxh5
dxe5 21. Nf3 e4 22. Nh4 Nd6 23. Nxf5 Nxf5 24. Rxf5 Nf2 25. Qb3 Nd3+ 26. Kd1
Qa6 27. Re2 O-O-O 28. a4 Qxc4 29. Qxc4 Nb2+ 30. Kc2 Nxc4 31. Kb3 Nd6 32.
Re5 Kd7 33. Rh2 Rg7 34. Re6 Rf8 35. a5 Rf5 36. Re5 b5 37. axb6 axb6 38. Re2
Rf6 39. Rg5 Rh7 40. Re5 Rh3 41. Re1 Rg3 42. Ra1 Nc8 43. Rxe4 Rd3 44. Be1
Rxd5 45. Bh4 Re6 46. Rae1 Rxe4 47. Rxe4 e6 48. Bf6 Rd1 49. Be5 Ne7 50. Re2
Nc6 51. Kc2 Rd5 52. Bg7 Rf5 53. Re4 Ne7 54. Be5 Nc6 55. Bg7 Rf7 56. Bh6 Rh7
57. Bg5 Rh3 58. Bf6 Rf3 59. Bg7 b5 60. Bf8 Ne7 61. Kd2 c4 62. Bxe7 Kxe7 63.
Kc2 Rf2+ 64. Kc1 Kd6 65. Re5 Rxf4 66. Rxb5 Rf2 67. Kd1 e5 68. Ra5 Rh2 69.
Rb5 Rh3 70. Kc2 Ke6 71. Rc5 Rh2+ 72. Kd1 Rh4 73. Kd2 Kf5 74. Ke3 Ke6 75.
Kd2 Kd6 76. Ra5 Rh2+ 77. Ke3 Rc2 78. Ra3 Rc1 79. Kd2 Rg1 80. Ra5 Rg2+ 81.
Ke3 Rc2 82. Ra3 Kd5 83. Ra5+ Ke6 84. Ke4 Re2+ 85. Kf3 Rh2 86. Ke4 Rh4+ 87.
Ke3 Rg4 88. Kd2 Kd6 89. Ke2 Re4+ 90. Kf3 Re1 91. Ra6+ Kc5 92. Ra5+ Kb6 93.
Rd5 Kc6 94. Ra5 Kd6 95. Ra6+ Kd5 96. Ra5+ Kc6 97. Kf2 Rc1 98. Rxe5 Rxc3 99.
Ke2 Rd3 100. Rh5 Rd6 101. Rg5 Rd7 102. Rh5 Rd5 103. Rxd5 Kxd5 104. Kd2 Kd4
105. Kc2 c3 106. Kc1 Kc5 107. Kc2 Kc4 108. Kc1 Kb3 109. Kb1 1/2-1/2

[Event "36th Olympiad w"]
[Site "Calvia ESP"]
[Date "2004.10.27"]
[Round "12"]
[White "Fakhiridou,E"]
[Black "Vasiliev,Olg"]
[Result "1/2-1/2"]
[WhiteElo "2258"]
[BlackElo "2167"]
[EventDate "2004.10.15"]

1. e4 c5 2. b3 d6 3. Bb2 Nf6 4. Bb5+ Nbd7 5. d3 g6 6. Ne2 Bg7 7. O-O O-O 8.
Bxd7 Bxd7 9. Nd2 Bc6 10. c4 b5 11. Qc2 Rb8 12. Rae1 Nh5 13. Bxg7 Nxg7 14.
f4 f5 15. cxb5 Bxb5 16. Nc4 fxe4 17. dxe4 e5 18. Rd1 d5 19. Ne3 d4 20. Nc4
Qc7 21. Rf2 Rbd8 22. g3 Qb7 23. Nc1 Bxc4 24. bxc4 Nh5 25. Qe2 Qb4 26. Rf3
Nf6 27. Rb3 Qa4 28. Re1 Nd7 29. Rb5 Rb8 30. Rxb8 Rxb8 31. Nb3 Qc6 32. Qc2
Nf6 33. Qe2 Rd8 34. Nc1 a5 35. Nd3 a4 36. Nxe5 Qa6 37. Rc1 Re8 38. Nd3 Qc6
39. Re1 a3 40. g4 Kg7 41. g5 Nh5 42. f5 Rf8 43. f6+ Kh8 44. Rf1 Qd6 45. e5
Qc7 46. Rb1 Qa5 47. Rb5 Qc3 48. Rxc5 Qa1+ 49. Kg2 Qc3 50. Kg1 Qa1+ 51. Kg2
1/2-1/2

[Event "36th Olympiad w"]
[Site "Calvia ESP"]
[Date "2004.10.27"]
[Round "12"]
[White "Le Kieu Thien Kim"]
[Black "Khasanova,F"]
[Result "1/2-1/2"]
[WhiteElo "2329"]
[BlackElo "2314"]
[EventDate "2004.10.15"]

1. e4 c5 2. Nc3 a6 3. g3 b5 4. a3 Bb7 5. Bg2 e6 6. Nge2 d6 7. d4 cxd4 8.
Nxd4 Nf6 9. O-O Qc7 10. Bg5 Nbd7 11. f4 h6 12. Bxf6 Nxf6 13. f5 e5 14. Nb3
Rc8 15. h3 Be7 16. Kh2 Qb6 17. Qe2 h5 18. Bf3 h4 19. g4 Nh7 20. Rad1 Bg5
21. Bg2 Nf6 22. Kh1 Ke7 23. Nd2 Be3 24. Rde1 Bd4 25. Ndb1 b4 26. axb4 Qxb4
27. Nd1 Qc4 28. c3 Qxe2 29. Rxe2 Bb6 30. b3 a5 31. Nb2 Ba6 32. Rfe1 Bxe2
33. Rxe2 Rc6 34. Bf3 g5 35. Kg2 Rb8 36. Na4 Nd7 37. Ra2 Nc5 38. Nxc5 Rxc5
39. c4 Rc6 40. Nc3 Rc5 41. Bd1 Bd8 42. Kf3 f6 43. Ke3 Kd7 44. Kd3 Bc7 45.
Nd5 Bd8 46. Nc3 Bc7 47. Nd5 1/2-1/2

[Event "36th Olympiad w"]
[Site "Calvia ESP"]
[Date "2004.10.27"]
[Round "12"]
[White "Zigangirova,S"]
[Black "Hoang Xuan Thanh Khiet"]
[Result "0-1"]
[WhiteElo "2330"]
[BlackElo "2144"]
[EventDate "2004.10.15"]

1. e4 c5 2. Nf3 d6 3. d4 cxd4 4. Nxd4 Nf6 5. Nc3 a6 6. Be2 e5 7. Nb3 Be6 8.
f4 Qc7 9. a4 exf4 10. Bxf4 Nc6 11. O-O Be7 12. Kh1 O-O 13. Nd5 Bxd5 14.
exd5 Ne5 15. Bxe5 dxe5 16. a5 Rac8 17. c4 Bb4 18. Ra4 Qe7 19. Nc1 e4 20.
Qb3 Bd6 21. Qh3 Rfe8 22. Na2 Qe5 23. Nc3 e3 24. Rf5 Qd4 25. c5 Qxc5 26.
Rxf6 gxf6 27. Qh6 f5 28. Rc4 Qxc4 29. Bxc4 Rxc4 30. Qxd6 f4 31. Qd7 Kf8 32.
Ne2 Rc2 33. Qg4 Rxb2 34. h3 Rd2 35. Qh5 Kg7 36. Qg5+ Kf8 37. Qh6+ Ke7 38.
Qh5 Kf8 39. Kh2 Kg7 40. Qg4+ Kf8 41. Qf3 Kg7 42. Qxf4 Rxd5 43. Qg4+ Kf8 44.
Qb4+ Re7 45. Nc3 Rde5 46. Ne2 Ke8 47. Qc4 Rd7 48. Qf4 Rde7 49. h4 R7e6 50.
g4 Rb5 51. Kg3 Ree5 52. Qh6 Rxa5 53. Qxh7 Re6 54. h5 Ra2 55. Qg8+ Ke7 56.
Qg5+ Ke8 57. h6 Rxh6 58. Qxe3+ Re6 59. Qb3 Raxe2 60. Qxb7 R2e5 61. Qb8+ Ke7
62. Qb4+ Kf6 63. Kh4 a5 64. Qd4 Ke7 65. Qa7+ Kf8 66. Qd4 Ke7 67. Qa7+ Kf6
68. Qd4 Kg6 69. Qd8 Kg7 70. Qd4 Rh6+ 71. Kg3 Rhe6 72. Kh4 Kg8 73. Qd8+ Re8
74. Qd4 Re4 75. Qf6 R8e5 76. Qd8+ Kg7 77. Qb6 a4 78. Qa6 f5 79. Qb7+ Re7
80. Qb2+ Kg6 81. Qb6+ R7e6 82. Qd8 Rxg4+ 83. Kh3 Rge4 84. Qg8+ Kf6 85. Qf8+
Ke5 86. Qg7+ Kd5 87. Qd7+ Kc5 88. Qc7+ Kb4 89. Qb8+ Kc3 90. Qc7+ Kb3 91.
Qb8+ Kc3 92. Qc8+ Kd3 93. Qd7+ Ke3 94. Qa7+ Kf3 95. Qg7 Rg4 96. Qh7 Rg3+
97. Kh2 Reg6 98. Qh5+ Kf4 99. Qh4+ R3g4 100. Qf2+ Kg5 101. Qe3+ Kh5 102.
Qf3 Kh6 103. Qa8 Rh4+ 0-1

[Event "36th Olympiad w"]
[Site "Calvia ESP"]
[Date "2004.10.27"]
[Round "12"]
[White "Berezina,I"]
[Black "Peng Zhaoqin"]
[Result "0-1"]
[WhiteElo "2281"]
[BlackElo "2420"]
[EventDate "2004.10.15"]

1. d4 Nf6 2. c4 e6 3. Nf3 b6 4. g3 Ba6 5. Qa4 Be7 6. Bg2 Bb7 7. Nc3 O-O 8.
O-O d5 9. Ne5 c6 10. Rd1 Nfd7 11. Bf4 Nxe5 12. dxe5 Na6 13. cxd5 exd5 14.
Qc2 Nc7 15. h4 Ne6 16. h5 Qe8 17. Bh3 Nxf4 18. gxf4 f6 19. h6 fxe5 20. Be6+
Kh8 21. hxg7+ Kxg7 22. f5 Kh8 23. Rd3 Bc8 24. Rh3 Bxe6 25. fxe6 Rg8+ 26.
Kf1 Qg6 27. Qxg6 Rxg6 28. e3 Rxe6 29. Ke2 Rf8 30. Rah1 Rf7 31. Rh5 e4 32.
b3 Kg8 33. R1h2 Bd6 34. Rg2+ Rg7 35. Rxg7+ Kxg7 36. Kf1 Rh6 37. Rg5+ Rg6
38. Rh5 h6 39. Ke2 Rg1 0-1